000 00300nam a2200121Ia 4500
008 190722s9999 xx 000 0 und d
020 _a9788177583335
100 _aDavid C. Lay
245 0 _aLinear Algerbra and its applications
260 _aNew Delhi
_bPearson Co.
_c2003
300 _a492
942 _cBK
999 _c387
_d387